LEADER 04545nam 2200613 450 001 9910671093903321 005 20210707140620.0 010 $a84-9031-459-4 035 $a(CKB)3710000000084099 035 $a(EBL)3217463 035 $a(OCoLC)927535115 035 $a(SSID)ssj0001163611 035 $a(PQKBManifestationID)11761051 035 $a(PQKBTitleCode)TC0001163611 035 $a(PQKBWorkID)11181972 035 $a(PQKB)10461892 035 $a(MiAaPQ)EBC3217463 035 $a(OCoLC)992000441 035 $a(FlNmELB)ELB56901 035 $a(EXLCZ)993710000000084099 100 $a20140201d2012 uy 0 101 0 $aspa 135 $aur|n|---||||| 181 $ctxt 182 $cc 183 $acr 200 00$aMediacio?n familiar /$fEsther Souto Galva?n 210 1$aMadrid :$cDykinson,$d2012. 215 $a1 online resource (354 p.) 300 $aContiene i?ndice. 311 $a84-15455-30-5 311 $a84-15455-30-5 327 $aMEDIACIO?N FAMILIAR; PA?GINA LEGAL; I?NDICE; INTRODUCCIO?N; I. LA MEDIACIO?N FAMILIAR EN LA UNIO?N EUROPEA; 1. INTRODUCCIO?N; 2. LA DIRECTIVA SOBRE "CIERTOS ASPECTOS CIVILES Y MERCANTILES DE LA MEDIACIO?N"; 2.1. Contexto; 2.2. A?mbito de aplicacio?n; 2.3. Descripcio?n de su contenido; 3. LA NECESARIA TRANSPOSICIO?N Y LAS CONSECUENCIAS DE SU AUSENCIA; 4. CONCLUSIONES; II. CONCEPTOS BA?SICOS DE REFERENCIA; 1. CONCEPTO DE LA MEDIACION FAMILIAR; 2. MEDIACIO?N Y FIGURAS AFINES; 3. MODELOS DE MEDIACIO?N FAMILIAR; III. ASPECTOS JURI?DICOS; 1. LA MEDICACIO?N FAMILIAR EN LA LEGISLACIO?N ESPAN?OLA 327 $a1.1. Panorama normativo1.1.1. Crisis del proceso judicial contencioso en la resolucio?n de conflictos familiares; 1.1.2. El papel estatal y autono?mico en la mediacio?n familiar; 1.2. Proceso de mediacio?n familiar; 1.2.1. Principios de la mediacio?n; 1.2.2. Te?cnicas de mediacio?n; 1.2.3. Fases del proceso de mediacio?n; 1.2.4. Caracteri?sticas del mediador; 1.2.5. Efectos del acuerdo de mediacio?n; IV. FAMILIA Y MATRIMONIO; 1. PERSONA HUMANA Y MATRIMONIO; 2. DIMENSIO?N SEXUAL DE LA PERSONA HUMANA; 2.1. La persona como ser humano sexuado; 2.2. La atraccio?n fi?sica; 2.3. La atraccio?n psi?quica 327 $a3. DIMENSIO?N SOCIAL DEL MATRIMONIO3.1. Las comunidades primitivas y el matrimonio; 3.2. El principio de legitimacio?n social; 3.3. La dimensio?n religiosa; 3.4. Matrimonio y familia; 3.5. La justificacio?n de la intervencio?n social; 4. MATRIMONIO Y DERECHO; 4.1. Consideraciones generales; 4.2. El matrimonio romano; 4.3. La canonizacio?n del matrimonio; 4.4. La secularizacio?n del matrimonio; 4.5. Tendencias actuales; V. EL SISTEMA MATRIMONIAL ESPAN?OL; 1. CONFIGURACIO?N CONSTITUCIONAL; 1.1. El derecho a contraer matrimonio; 1.2. La igualdad entre los co?nyuges 327 $a1.3. Jurisdiccio?n estatal exclusiva sobre el matrimonio2. DESARROLLO NORMATIVO; 2.1. La concepcio?n civil del matrimonio; 2.2. Las formas de contraer matrimonio: ¿un sistema plural?; VI. LAS UNIONES DE HECHO EN LA LEGISLACIO?N ESPAN?OLA; 1. INTRODUCCIO?N; 2. RE?GIMEN DE LAS UNIONES DE HECHO EN EL ORDENAMIENTO JURI?DICO ESPAN?OL; 2.1. Legislacio?n estatal; 2.2. Jurisprudencia; 2.3. Legislacio?n autono?mica; VII. CRISIS DE PAREJA: SOLUCIONES JUDICIALES Y EXTRAJUDICIALES; 1. INTRODUCCIO?N; 2. UNIONES DE HECHO; 2.1. Soluciones Judiciales; 2.1.1. Si hay acuerdo; 2.1.2. Si no hay acuerdo 327 $a2.2. Soluciones Extrajudiciales3. MATRIMONIOS; 3.1. Soluciones Judiciales; 3.1.1. Nulidad; 3.1.2. Separacio?n; 3.1.3. Divorcio; 3.1.4. Medidas cautelares; 3.1.5. Disposiciones generales sobre estos procesos (Arts. 749 y ss. de la L.E.C.); 3.2. Soluciones Extrajudiciales; 4. CONCLUSIONES; 5. ANEXOS: FORMULARIOS; VIII. EL PAPEL DE LOS ACTORES INTERNACIONALES EN EL RESTABLECIMIENTO DEL CONTACTO ENTRE FAMILIARES SEPARADOS EN SITUACIONES DE EMERGENCIA; 1. LOS PRESUPUESTOS DE LA SEPARACIO?N FAMILIAR: LAS SITUACIONES DE EMERGENCIA 327 $a2. LA REGULACIO?N DE LA REUNIFICACIO?N DE LAS FAMILIAS EN EL A?MBITO INTERNACIONAL 606 $aFamily mediation 606 $aMediacio?n 606 $aFamilia 608 $aElectronic books. 615 0$aFamily mediation. 615 4$aMediacio?n. 615 4$aFamilia. 676 $a306.85 702 $aSouto Galva?n$b Esther 801 0$bMiAaPQ 801 1$bMiAaPQ 801 2$bMiAaPQ 906 $aBOOK 912 $a9910671093903321 996 $aMediacio?n familiar$93050752 997 $aUNINA